Histoire universelle des Chiffres (Record n. 65263)
[ formato base ]
| 000 -LEADER | |
|---|---|
| fixed length control field | 01405nam a2200301Ia 4500 |
| 001 - CONTROL NUMBER | |
| control field | 7280 |
| 003 - CONTROL NUMBER IDENTIFIER | |
| control field | IT-RoPAU |
| 008 - FIXED-LENGTH DATA ELEMENTS--GENERAL INFORMATION | |
| fixed length control field | 130308s9999 xx 000 0 und d |
| 040 ## - CATALOGING SOURCE | |
| Original cataloging agency | IT-RoPAU |
| 040 ## - CATALOGING SOURCE | |
| Transcribing agency | IT-RoPAU |
| 041 ## - LANGUAGE CODE | |
| Language code of text/sound track or separate title | FRANCESE |
| 999 ## - SYSTEM CONTROL NUMBERS (KOHA) | |
| Koha Dewey Subclass [OBSOLETE] | SI |
| 100 ## - MAIN ENTRY--PERSONAL NAME | |
| Personal name | Ifrah Georges |
| 100 ## - MAIN ENTRY--PERSONAL NAME | |
| Miscellaneous information | Codice Aut. SPICS: 10292 |
| 245 ## - TITLE STATEMENT | |
| Title | Histoire universelle des Chiffres |
| 245 ## - TITLE STATEMENT | |
| Remainder of title | Histoire Universelle des Chiffres |
| 250 ## - EDITION STATEMENT | |
| Edition statement | 1a ed. |
| 260 ## - PUBLICATION, DISTRIBUTION, ETC. (IMPRINT) | |
| Place of publication, distribution, etc. | PARIS |
| 260 ## - PUBLICATION, DISTRIBUTION, ETC. (IMPRINT) | |
| Name of publisher, distributor, etc. | Seghers |
| 260 ## - PUBLICATION, DISTRIBUTION, ETC. (IMPRINT) | |
| Date of publication, distribution, etc. | 1981 [1° Ed.:1981 - Ed.Ling.Originale:1981] |
| 300 ## - PHYSICAL DESCRIPTION | |
| Extent | "576 p. (prefazione: 8; testo: 568)" |
| 500 ## - GENERAL NOTE | |
| General note | Storia Universale delle cifre Coscienza dei Numeri Origine e Scoperta dei Numeri Tecniche primitive di Contabilità Principi di Base Sistema Decimale e Sessagesimale prime calcolatrici le mani numero Valore Denaro tavole calcolatrici Abacus invenzione delle cifre Cifre Romane invenzione della Scrittura Argilla Carta dei Sumeri cifre Cuneiformi cifre Egiziane cifre e lettere Alfabeto e Numerazione Ebraica cifre Siriache cifre Arabe cifre Magia Scrittura Mistica e Divinazione Numerazioni Ibride Numerazioni Popolari Mesopotamiche Tradizioni Numerali Semitiche e cinesi Prima Numerazione di posizione Sistema Posizionale dei Sapienti cinesi Origine delle cifre Arabe |
| 650 ## - SUBJECT ADDED ENTRY--TOPICAL TERM | |
| Topical term or geographic name as entry element | SEGNOLOGIA |
| 650 ## - SUBJECT ADDED ENTRY--TOPICAL TERM | |
| Relator term | Codice materia Spics: 3001 |
| 942 ## - ADDED ENTRY ELEMENTS (KOHA) | |
| Koha item type | LIBRO |
| 957 ## - | |
| -- | 1 |
| 999 ## - SYSTEM CONTROL NUMBERS (KOHA) | |
| -- | 1 |
| Withdrawn status | Lost status | Damaged status | Not for loan | Home library | Current library | Date acquired | Total Checkouts | Full call number | Date last seen | Price effective from | Koha item type | Public note |
|---|---|---|---|---|---|---|---|---|---|---|---|---|
| Buone Condizioni | Not For Loan | SPICS-MEDIATECA | SPICS-MEDIATECA | 08/03/2013 | 7280 | 08/03/2013 | 08/03/2013 | LIBRO | Progressivo inserimento: 778 / N. Volumi: 1 Copie: 1 Copia Rara: SI / data import: 1 marzo 2013 - By Epidotti, Trombetti, Vaglietti. |